000 01298nam a22002537a 4500
005 20210325204957.0
008 s2552 th tha d
020 _a9789748013268
041 _atha
090 _aKA203 ค121ก 2552 ล.4
100 0 _aธนาวัฒน์ สังข์ทอง, บรรณาธิการ
245 1 0 _aกฎหมายไทย เล่ม 4 : การปกครอง
260 3 _aกรุงเทพฯ :
_bสำนักงานคณะกรรมการกฤษฎีกา,
_c2552
300 _a295 หน้า ;
_b 26 ซม.
610 _aสำนักงานคณะกรรมการกฤษฎีกา
650 0 4 _aความมั่นคงแห่งชาติ -- กฎหมายและระเบียบข้อบังคับ
650 0 4 _aการรักษาความสงบเรียบร้อย -- กฎหมายและระเบียบข้อบังคับ
650 0 4 _aกฎหมาย -- ไทย
850 _aNALT
942 _cREF
997 _aบ 23354
_kVC
997 _c000000000062309
998 _aนางสาวชัชฎา จูฑะรักษ์
999 _c62309
_d62309